| 000 | 00977nam a2200289 c 4500 | ||
|---|---|---|---|
| 003 | BLK | ||
| 005 | 20200601121116.0 | ||
| 008 | 180408b bul|||||r ||||||| ||bul|| | ||
| 010 | _aKNG00046588000 | ||
| 020 |
_a5-7905-0663-1 _bиздат.: Рипол классик |
||
| 040 | _aBLK | ||
| 041 |
_aRUS _cRUS |
||
| 080 |
_aАмериканска литература (на САЩ) _b821.111(73) _x-32 _z821.111(73)-32 |
||
| 100 | 1 |
_aБаум, Лаймен Фрэнк _eпърви автор _9278397 |
|
| 139 |
_aБаум, Лаймен Фрэнк _bБ 29 |
||
| 245 | 1 | 0 |
_aМорские феи _cЛаймен Фрэнк Баум. |
| 245 | 1 | 0 |
_aОстров на небесах _b _c |
| 257 | _aUSA | ||
| 260 |
_аМосква _bРипол классик _c2001 |
||
| 300 |
_a480 с _bил. _c22 см |
||
| 380 | _aX | ||
| 852 | _aЦб 208096 | ||
| 856 | 4 |
_qpdf _u |
|
| 856 | 4 |
_qpdf _u |
|
| 942 |
_cKNG _n0 _01 |
||
| 944 |
_aCR _c01.01.2001 _kAB_DOS |
||
| 944 |
_aED _c02.07.2015 _kЛюдмила_Стоянова |
||
| 999 |
_c42904 _d42904 |
||